Секреты делового общения: Справочное пособие

Bibliografske podrobnosti
Glavni avtor: Вечер Л. С. Лидия Степановна
Jezik:ruščina
Izdano: Минск, Вышэйшая школа, 1996
Teme:
Format: Knjiga
KOHA link:https://koha.lib.tpu.ru/cgi-bin/koha/opac-detail.pl?biblionumber=4144

MARC

LEADER 00000nam0a2200000 4500
001 4144
005 20231030174943.0
010 |a 985060087X 
035 |a (RuTPU)RU\TPU\book\4167 
035 |a BOOK00004177 
090 |a 4144 
100 |a 20011209d1996 km y0rusy50 ca 
101 0 |a rus 
102 |a BY 
105 |a y g 000zy 
200 1 |a Секреты делового общения  |e Справочное пособие  |f Л. С. Вечер 
210 |a Минск  |c Вышэйшая школа  |d 1996 
215 |a 367 с. 
610 1 |a психология 
610 1 |a общение 
610 1 |a деловое общение 
610 1 |a справочники 
686 |a Ю953я2  |v LBC/SL-A  |2 rubbk 
700 1 |a Вечер  |b Л. С.  |g Лидия Степановна 
801 0 |a RU  |b 63413507  |c 20011209  |g PSBO 
801 2 |a RU  |b 63413507  |c 20120517  |g PSBO 
942 |c BK